000 00654nam a22001817a 4500
008 250522b |||||||| |||| 00| 0 eng d
020 _a9783527327508
050 _aQH324.2
_b.A67 2011
245 _aApplied Statistics For Networks Biology Methods In Systems Biology.
_cDehmer Matthias, Emmert-Streib Frank, Graber Armin, Salvador Amindo.
260 _aWeinheim
_bWiley-VCH Verlag and Co.
_c2011
300 _axxiii, 254p.
_billustration;
650 _aSystems Biology - Statistical Method
_vComputational Biology.
700 _aDehmer Matthias
700 _aEmmert-Streib Frank
700 _aGraber Armin
700 _aSalvador Amindo.
942 _cBK
999 _c3600
_d3600